000 00649nam a2200265Ia 4500
008 180313s9999 xx 000 0 und d
020 _a9781338158779
050 _bFIC G197 2016
100 _aGangsei, Jan
245 _aZero day /
245 _cby Jan Gangsei.
260 _aNew York, New York :
260 _bScholastic Inc.,
260 _c2016
300 _a359 pages :
300 _billustrations ;
300 _c20cm.
650 _aKidnapping --
650 _aPresidents --
650 _aWhite House (Washington, D.C.) --
650 _xFamily -- Fiction.
650 _xFiction.
650 _xFiction.
700 _aTitle.
999 _c356284
_d356284